000 00451nam a2200157 i 4500
001 55935
003 ES-MaACL
005 20230906163242.0
007 t|
008 030930s1973 sp ||||1| spa d
100 1 _aDíaz de Entresotos, Baldomero.
_944224
245 1 3 _aEl hombre con plumas /
_cBaldomero Díaz de Entresotos.
260 _aMadrid :
_b[Prensa Española],
_c1973.
300 _a106 p. ;
_c18 cm.
852 _aES-MaACL
_jC-54151
_bR.87044
999 _c55935
_d55935